• 首页
  • 本馆介绍
  • 公告通知
  • 最新文献
  • 馆藏检索
  • 电子资源
  • 读者导购
  • 参考咨询
  • 我的图书馆
  • 登录
  • 详细信息显示
  • 放入我的书架
  • 预约/预借图书
  • 作者相关作品
  • 分类相关作品
  • 丛书相关作品
  • 出版社相关作品

书目信息

  • 表格格式
  • 工作单格式
  • 卡片格式
题名:
医学物理学
    
 
作者: 潘志达 主编
分册:  
出版信息: 北京   人民卫生出版社  2009
页数: 184页
开本: 26cm
丛书名:
单 册:
中图分类: R312
科图分类:
主题词: 医用物理学--高等教育--教材 , 医用物理学
电子资源:
ISBN: 978-7-117-11913-9
000 00898nam0 2200265 450
001 012015000241
005 20150914160537.10
010    @a978-7-117-11913-9@dCNY20.00
100    @a20090729d2009 em y0chiy50 ea
101 0  @achi
102    @aCN@b110000
105    @aa z 000yy
106    @ar
200 1  @a医学物理学@Ayi xue wu li xue@f潘志达主编
205    @a5版
210    @a北京@c人民卫生出版社@d2009
215    @a184页@c图@d26cm
300    @a普通高等教育“十一五”国家级规划教材 全国高职高专卫生部规划教材 供临床医学专业用
330    @a本书内容包括:人体力学、波动与声波、液体的流动、液体的表面现象、人体的生物电场和磁场、直流电、光的波动性、几何光学、激光、X射线、原子核与放射性等。
606 0  @a医用物理学@x高等教育@j教材
606 0  @a医用物理学
690    @aR312@v5
701  0 @a潘志达@Apan zhi da@4主编
801  0 @aCN@b碧洲教育@c20150716
905    @a10447@f4@dR312@e230=5
    
    医学物理学/潘志达主编.-5版.-北京:人民卫生出版社,2009
    184页:图;26cm
    普通高等教育“十一五”国家级规划教材 全国高职高专卫生部规划教材 供临床医学专业用
    
    ISBN 978-7-117-11913-9:CNY20.00
    本书内容包括:人体力学、波动与声波、液体的流动、液体的表面现象、人体的生物电场和磁场、直流电、光的波动性、几何光学、激光、X射线、原子核与放射性等。
●
相关链接 在E读中查询图书 在五车中查询图书 在当当中查询图书 在豆瓣中查询图书


正题名:医学物理学     索取号:R312/230=5         预约/预借

序号 登录号 条形码 馆藏地/架位号 状态 备注
1 0870120   208701207   第二样本阅览室/ [索取号:R312/230=5] 在馆    
2 0870121   208701216   第三借阅区/ [索取号:R312/230=5] 在馆    
3 0870122   208701225   第三借阅区/ [索取号:R312/230=5] 在馆    
4 0870123   208701234   密集书库-物理学院/ [索取号:R312/230=5] 在馆    
唐山师范学院图书馆 欢迎您!
大连网信软件有限公司© 版权所有